01215nam a2200229 a 450000100100000000500170001000800410002704000250006808200150009311000320010824000180014024500490015825000190020726000620022630000200028850002440030804900090055295201740056195201190073595201140085499900170096800003324520200930070125.0090904s1901 dr 000 0 spa d aDO-SdBNPbspabBNPHU axxxbR426c1 aRepública Dominicana944713a[Leyes, etc.]10aCódigo civil de la República Dominicana. a2a ed. oficial aSanto Domingof"La Cuna de América" J. R. Roquesc1901. a116 p ;c25 cm. aArreglado por la comisión nombrada por el Poder Ejecutivo, y conforme al decreto del Congreso Nacional de fecha 4 de julio de 1882, conversando el orden de las artículos del texto francés vijente en la República desde el año 1845 aBNPD 001050718RVaPDbPDcHDd2011-08-23iLF1l0oxxx R426cp33245-10r2020-06-25w2020-06-25y1zPerteneció a la biblioteca personal de Julio Ortega FrierZNo se presta 001050718RVaPDbPDcHDd2015-05-08iLF1l0oxxx R426cp33245-40r2020-06-25te. 2w2020-06-25y1ZNo se presta 00107-18PDaPDbPDcOId2011-08-23iLF1l0oxxx R426cp33246-10r2020-06-25w2020-06-25yLFPDZNo se presta c32736d32736